| 000 | 00361nam a2200133Ia 4500 | ||
|---|---|---|---|
| 005 | 20260326235450.0 | ||
| 008 | 260326s9999||||xx |||||||||||||| ||und|| | ||
| 100 | _aSmith W., Alan | ||
| 245 | 0 |
_aTurismo en la Planificación integral : _b Caso de Panamá / _cAlan Smith W. |
|
| 260 | _bUniversal Books | ||
| 300 | _a75 p. | ||
| 650 | _aLATINOAMÉRICA | ||
| 942 | _cBK | ||
| 999 |
_c7714 _d7714 |
||